| 000 | 01555nam a22002417a 4500 | ||
|---|---|---|---|
| 999 |
_c62980 _d62980 |
||
| 003 | Ge_BSU | ||
| 005 | 20250422140113.0 | ||
| 008 | 250422s2021 ge ||||| |||| 00| 0 geo d | ||
| 041 | _ageo | ||
| 080 | _a633.5/9 : 631.5(075.8) გ-12 | ||
| 100 |
_aგაბრიჩიძე, ზაურ _913010 |
||
| 245 |
_aსუბტროპიკული კულტურების აგროტექნოლოგია : _b(ფერმერთა დასახმარებლად) / _cზაურ გაბრიჩიძე, იოსებ ბასილაია, რუსუდან ტაკიძე; რედ. ლ. უჯმაჯურიძე; სსიპ სოფლის მეურნეობის სამეცნიერო კვლევითი ცენტრი. |
||
| 264 |
_aთბილისი, _c2021. |
||
| 300 |
_a480 გვ. : _bილ.; _c22 სმ. |
||
| 504 | _aბიბლიოგრ. გვ. 464-473 | ||
| 653 | _aსუბტროპიკული კულტურები | ||
| 653 | _aაგროტექნოლოგია | ||
| 700 |
_aბასილაია, იოსებ _eავტორი _924883 |
||
| 700 |
_aტაკიძე, რუსუდან _eავტორი _924884 |
||
| 700 |
_aუჯმაჯურიძე, ლ. _eრედაქტორი _924885 |
||
| 710 |
_aსსიპ სოფლის მეურნეობის სამეცნიერო კვლევითი ცენტრი. _924886 |
||
| 942 |
_2udc _cᲬᲘᲒᲜᲘ |
||